000 01121nam a2200193Ia 4500
008 151121s9999||||xx |||||||||||||| ||und||
082 _a813/देशपां
082 _bHNW-117909
100 _aदेशपांडे रमाकांत
245 _aराणीचा शाप-सिन्नरच्या राणि राजलक्ष्मीची चित्तथरारक एतिहासिक कादंबरि
260 _bमनोरंजन प्रकाशन मुंबई।
260 _c2015
300 _a248
600 _aदेशपांडे रमाकांत
630 _aराणीचा शाप-सिन्नरच्या राणि राजलक्ष्मीची चित्तथरारक एतिहासिक कादंबरि
700 _aदेशपांडे रमाकांत
730 _aराणीचा शाप-सिन्नरच्या राणि राजलक्ष्मीची चित्तथरारक एतिहासिक कादंबरि
942 _cBOOK
999 _c1265467
_d1265464